Los manchegos en el Polo norte (Record no. 164765)

MARC details
000 -LEADER
campo de control de longitud fija 00627nam a22001695i 4500
001 - NÚMERO DE CONTROL
campo de control 164765
003 - IDENTIFICADOR DE NÚMERO DE CONTROL
campo de control ES-MaACL
005 - FECHA Y HORA DE LA ÚLTIMA TRANSACCIÓN
campo de control 20230906213011.0
008 - DATOS DE LONGITUD FIJA--INFORMACIÓN GENERAL
campo de control de longitud fija 960612q19001950sp |||| | spa d
040 ## - FUENTE DE CATALOGACIÓN
Centro catalogador/agencia de origen CLM
Lengua de catalogación spa
Centro/agencia transcriptor CLM
100 1# - ENTRADA PRINCIPAL--NOMBRE DE PERSONA
Nombre de persona Santoval, Domingo de.
9 (RLIN) 103542
245 14 - MENCIÓN DEL TÍTULO
Título Los manchegos en el Polo norte
Resto del título : novela festiva original /
Mención de responsabilidad, etc. por Domingo de Santoval.
260 ## - PUBLICACIÓN, DISTRIBUCIÓN, ETC.
Lugar de publicación, distribución, etc. Madrid :
Nombre del editor, distribuidor, etc. Manini Hermanos,
Fecha de publicación, distribución, etc. [s.a.] (
Fabricante Imprenta de LarxØ e hijos)
300 ## - DESCRIPCIÓN FÍSICA
Extensión 238 ;
Dimensiones 18 cm.
595 #1 -
-- Por la tipografía parece de la 1a. mitad del S. XX.
852 ## - LOCALIZACIÓN
Ubicación ES-MaACL
Número de control de estantería D-2460
Nota libre -- Rúst.
Encuadernación -- Edic.: corregir el imp.: Larxé
Holdings
Estatus retirado Estado de pérdida Estado de daño No para préstamo Biblioteca de origen Biblioteca actual Ubicación en estantería Fecha de adquisición Fuente de adquisición Total de préstamos Signatura topográfica completa Código de barras Visto por última vez Precio de reemplazo Tipo de ítem Koha
        Biblioteca del Ateneo de Madrid Biblioteca del Ateneo de Madrid Sala Valle Inclán 17/01/2008     D-2460 901172720 23/02/2023 23/02/2023 Libro impreso